00503 2200205 4500001002100000008004100021035002000062245006800082100001300150250000600163260003200169300001200201084001400213082000800227650001400235990001200249990001200261990001200273990001200285INLIS000000000000442 ind  a0010-0424000418 aEnsiklopedia Bahasa Inggris : Writing Narrative TextscDjatmika aDjatmika a1 aBandung :bPakar Rayac2013 a116 hlm a420 DJA e a420 aNon Fiksi a0722572 a0722573 a0722574 a0722575